Diseño e implementación de una aplicación para almacenamiento, respaldo y reproducción de audio de alta definición
Gespeichert in:
| 1. Verfasser: | |
|---|---|
| Weitere Verfasser: | |
| Format: | Buch |
| Sprache: | Spanish |
| Veröffentlicht: |
[San José], Costa Rica
2014
|
| Schlagworte: | |
| Tags: |
Tag hinzufügen
Keine Tags, Fügen Sie den ersten Tag hinzu!
|
MARC
| LEADER | 00000nam a22000007a 4500 | ||
|---|---|---|---|
| 003 | 012155 | ||
| 005 | 20230620150239.0 | ||
| 008 | 150708b2014 cr a|||| |||| 00| ||spa d | ||
| 040 | |c cru CEDI | ||
| 100 | |9 711 |a Méndez Zeledón, Daniel, 1990- | ||
| 245 | |a Diseño e implementación de una aplicación para almacenamiento, respaldo y reproducción de audio de alta definición | ||
| 260 | |a [San José], Costa Rica |c 2014 | ||
| 500 | |a Proyecto de graduación (bachillerato en ingeniería eléctrica)-- Universidad de Costa Rica. Facultad de Ingeniería. Escuela de Ingeniería Eléctrica | ||
| 501 | |a Profesor Guía de IE-0499 Proyecto Eléctrico: Dr. rer. nat. Francisco Siles Canales | ||
| 650 | |x PROCESAMIENTO DE SONIDO POR COMPUTADORA |x REPRODUCCION DEL SONIDO |x PROCESAMIENTO DE SEÑALES - TECNICAS DIGITALES |x GRABACIONES SONORAS | ||
| 700 | |9 712 |a Siles Canales, Francisco 1980- |d Director de Proyecto Eléctrico | ||
| 942 | |c CEDI |h TFG 7320 |6 TFG_7320_000000000000000 | ||
| 999 | |c 13860 |d 13860 | ||
